Picture Click: ASOUE Episode by Lemony Snicket Costume Quiz Stats

 Plays Quiz not verified by Sporcle

Score 0/8 Timer 03:00
0 Plays Today
% Correct
The Austere Academy
93.4%
The Vile Village
92.8%
The Carnivorous Carnival
92.2%
The Miserable Mill
91.2%
The Hostile Hospital
83.3%
The Bad Beginning
81.7%
The Ersatz Elevator
81%
The Wide Window
76.9%

You're not logged in!

Compare scores with friends on all Sporcle quizzes.
OR
Log In

Show Comments

Extras

Top Quizzes Today


Score Distribution

Your Account Isn't Verified!

In order to create a playlist on Sporcle, you need to verify the email address you used during registration. Go to your Sporcle Settings to finish the process.

Report this User

Report this user for behavior that violates our Community Guidelines.

Details: